00381pab a2200145 454500008004000000100001800040245005200058260000900110300001400119362000800133650003100141650002100172700001600193773002600209180718b2008 xxu||||| |||| 00| 0 eng d aSarma, I.R.S. aPrice elasticities in Indian textile industries c2008 ap.313-24. aAug aIndia - Textile industries aTextile industry aReddy, V.K. aAsian Economic Review